01578nam a2200397Ia 4500001001200000003000800012006001900020007001500039008004100054020001800095020001800113020001500131040002100146035002100167050002400188100001800212245014500230260003100375300002300406500005300429533015200482650004500634650004600679650005400725650002700779650003700806650004800843650002900891650003100920650002200951650001800973655002900991710001701020856012601037999001701163ebr10224871CaPaEBRm u cr cn|||||||||970204s1997 enka s 001 0 eng d z9780304334971 z9781847141668 z0304334979 aCaPaEBRcCaPaEBR a(OCoLC)56847911514aLB1507b.L96 1997eb1 aLynch, James.10aEducation and developmenth[electronic resource] :btradition and innovation.nIntroductory volume,pA human rights analysis /cJames Lynch. aLondon :bCassell,cc1997. axi, 148 p. :bill. aIncludes bibliographical references and indexes. aElectronic reproduction.bPalo Alto, Calif. :cebrary,d2009.nAvailable via World Wide Web.nAccess may be limited to ebrary affiliated libraries. 0aEducation, PrimaryxAims and objectives. 0aEducation, PrimaryzDeveloping countries. 0aEducational equalizationvCross-cultural studies. 0aComparative education. 0aEducationzDeveloping countries. 0aNon-formal educationzDeveloping countries. 0aEducational innovations. 0aEducationxSocial aspects. 0aWomenxEducation. 0aHuman rights. 7aElectronic books.2local2 aebrary, Inc.40uhttp://site.ebrary.com/lib/rucke/Doc?id=10224871zAn electronic book accessible through the World Wide Web; click to view c40640d40640